000
00339 a2200169 4500
001
188779
020
_a
85-319-0101-4
040
_c
Magnum
100
_a
Azevedo, Álvares de
240
1
0
_a
Macário
_l
por
245
1
0
_a
Macário
300
_a
127
362
0
_a
2000
440
1
_a
Itatiaia
697
_a
LITERATURA GERAL
942
_c
BK
999
_c
188779
_d
188779